Study of the epoxidation of polydiene rubbers.Part.III (Record no. 69805)
[ view plain ]
| 000 -LEADER | |
|---|---|
| fixed length control field | 00610nam a2200229Ia 4500 |
| 100 ## - MAIN ENTRY--AUTHOR NAME | |
| Personal name | Rocha T L A C |
| 245 #0 - TITLE STATEMENT | |
| Title | Study of the epoxidation of polydiene rubbers.Part.III |
| 260 ## - PUBLICATION, DISTRIBUTION, ETC. (IMPRINT) | |
| Name of publisher | Kautschuk Gummi Kunststoffe |
| Year of publication | 2004 |
| 300 ## - PHYSICAL DESCRIPTION | |
| Number of Pages | 377-384 |
| 650 ## - SUBJECT ADDED ENTRY--TOPICAL TERM | |
| Topical Term | Characteristic frequency |
| 650 ## - SUBJECT ADDED ENTRY--TOPICAL TERM | |
| Topical Term | In situ epoxidation |
| 650 ## - SUBJECT ADDED ENTRY--TOPICAL TERM | |
| Topical Term | Plateau modulus |
| 650 ## - SUBJECT ADDED ENTRY--TOPICAL TERM | |
| Topical Term | Refined tube model |
| 650 ## - SUBJECT ADDED ENTRY--TOPICAL TERM | |
| Topical Term | SBR |
| 650 ## - SUBJECT ADDED ENTRY--TOPICAL TERM | |
| Topical Term | Viscoelatic behavior |
| 700 ## - ADDED ENTRY--PERSONAL NAME | |
| Personal name | Jacobi M M |
| 700 ## - ADDED ENTRY--PERSONAL NAME | |
| Personal name | Meier J F |
| 700 ## - ADDED ENTRY--PERSONAL NAME | |
| Personal name | Samios D |
| 700 ## - ADDED ENTRY--PERSONAL NAME | |
| Personal name | Schuster R H |
| 942 ## - ADDED ENTRY ELEMENTS (KOHA) | |
| Koha item type | Journals |
| Withdrawn status | Lost status | Damaged status | Not for loan | Home library | Current library | Shelving location | Date acquired | Serial Enumeration / chronology | Koha item type |
|---|---|---|---|---|---|---|---|---|---|
| Journals | RRII Library | RRII Library | Rubber chemistry | 17/12/2021 | Volume 57, Issue 08-Jul | Journals |